000 01109nam a2200265 i 4500
001 170725
003 ES-MaACL
005 20250808062738.0
008 090401s1952 sp |||| | spa d
100 0 _aNicolau, Miguel.
_985582
245 1 0 _aSacrae Theologiae Summa.
_nI,
_pTheologia Fundamentalis /
_cauctoribus Michaele Nicolau, Ioachim Salaverri.
250 _a2ª editio.
260 _aMatriti :
_bLa Editorial Católica,
_c1952.
300 _aXIII, 1151 p. ;
_c20 cm.
490 1 _aBiblioteca de autores cristianos ;
_v61
505 8 _aContiene : Introductio in Theologiam ; De revelatione christiana ; De Ecclesia Christi ; De S. Scriptura
546 _aTexto en latín.
594 _aEn la anteport. : Patres Societatis Iesu Facultatum Theologicarum in Hispania Profesores.
594 _aEn la anteport. : Iuxta Constitutionem Apostolicam "Deus scientiarum Dominus"
650 0 7 _aTeología
_2embne
_917457
700 1 _aSalaverri de la Torre, Joaquín.
_9101788
830 0 0 _aBiblioteca de autores cristianos
_v61
_9178679
852 _aES-MaACL
_jJ-59
_9R.46092
999 _c170725
_d170725